|
|
|
|
| LEADER |
01519njm a2200361 a 4500 |
| 001 |
000266135 |
| 003 |
CZ BrMZK |
| 005 |
19950101143423.0 |
| 008 |
950101s1992 xr f eng d |
| 028 |
0 |
3 |
|a 11 1461-2 131
|b Supraphon
|
| 040 |
|
|
|a BOA001
|b cze
|
| 080 |
|
|
|a 785.75:787.1/.4(086.7)
|2 MRF
|
| 080 |
|
|
|a 785.76:787.1/.4(086.7)
|2 MRF
|
| 100 |
1 |
|
|a Dvořák, Antonín,
|d 1841-1904
|7 jn19981000826
|4 cmp
|
| 245 |
1 |
0 |
|a Quintet for 2 Violins, Viola, Cello and Double Bass in G major, op.77
|h [zvukový záznam] ;
|b Sextet for 2 Violins, 2 Violas and 2 Cellos in A major, op.48 /
|c Antonín Dvořák.
|
| 260 |
|
|
|a Praha :
|b Supraphon,
|c p1992
|
| 300 |
|
|
|a 1 CD :
|b stereo, DDD ;
|c 12 cm +
|e 1 brožura [16 s.].
|
| 306 |
|
|
|a 011050
|
| 500 |
|
|
|a Durata 70:50
|
| 500 |
|
|
|a Text v brožuře vícejaz.
|
| 500 |
|
|
|a Nahr. 1992
|
| 511 |
0 |
|
|a Pavel Nejtek, kontrabas; Josef Klusoň, viola; Michal Kaňka, violoncello. Panochovo kvarteto.
|
| 653 |
0 |
|
|a smyčcové kvintety
|a smyčcové sextety
|
| 700 |
1 |
|
|a Nejtek, Pavel,
|d 1960-
|7 jx20080731021
|4 prf
|
| 700 |
1 |
|
|a Kaňka, Michal,
|d 1960-
|7 jn19990009879
|4 prf
|
| 700 |
1 |
|
|a Klusoň, Josef,
|d 1953-
|7 jn20000710204
|4 prf
|
| 710 |
2 |
|
|a Panochovo kvarteto
|7 ko2002159761
|4 prf
|
| 740 |
0 |
2 |
|a Sextet for 2 Violins, 2 Violas and 2 Cellos in A major, op.48
|
| 910 |
|
|
|a BOA001
|b CD-0001.252
|
| 964 |
|
|
|a Sextety smyčcové
|x CD
|
| 964 |
|
|
|a Kvintety smyčcové
|x CD
|
| 990 |
|
|
|a AV
|
| 996 |
6 |
|
|b 261H001280
|c CD-0001.252
|l MZK
|r Sklad / do 24 hodin
|n 0
|w 000266135
|u 000010
|a 1
|e BOA001
|j MZK50
|s P
|